Statistics for Natasha, Pierre and the Great Comet of 1812 - A Call To Pierre - Missing Lyrics

Click here to take the quiz!

General Stats

  • This quiz has been taken 24 times
  • The average score is 26 of 29

Answer Stats

Answer% Correct
Pierre, old friend, we need your {help}
100%
We need your {help}! We need your {help}!
100%
We need your {help}! We need your {help}!
100%
And Anatole, that {STUPID} child, they'll lock him up for years
95%
And get himself {killed}
95%
And when Andre comes home he will challenge Anatole to a {duel}
95%
For Anatole is a {married} man!
95%
Natasha has tried to {ELOPE}!
95%
What can they {want} with me?
95%
Where have you {been}? Where have you {been}?
95%
You must go see your {brother}-in-law
95%
A letter from {Marya} Dmitrievna
90%
And all will be {ruined}
90%
I have been... {studying}
90%
Natasha and {ANATOLE} KURAGIN!
90%
Natasha has {broken} with Andrei
90%
Natasha has let {down} the family
90%
Natasha, that charming girl, I can't believe my {ears}
90%
On a matter of great {importance}
90%
Pierre, old friend, I'm sorry it's {late}
90%
Pierre, old friend, the {family} name
90%
There's ruin at the {door}!
90%
There's ruin at the {door}!
90%
And tell him that must leave {Moscow}
86%
I'm sorry I haven't {seen} you about
86%
Asking you to come and {visit} her
81%
Related to Andrei Bolkonsky and his {betrothed}
81%
And not {dare} to let me set my eyes on him AGAIN!
76%
So I am not the only man {chained} to a bad woman
71%

Score Distribution

Percentile by Number Answered

Percent of People with Each Score

Your Score History

You have not taken this quiz